000 01019nam a22002297a 4500
003 SEM
005 20220608071342.0
008 170704b xxu||||| |||| 00| 0 arm d
040 _aՍԷՄ
_cՍԷՄ
041 0 _aarm.
080 _a891.981-3/Ս-19
100 1 _aՍանթրյան Վանիկ Ալեքսանի
_d(1935-)
245 1 0 _aԱսք Գրիգոր Լուսավորչի և Տրդատ Մեծի: /
_cՎ. Սանթրյան; Խմբ.` Մ. Զիլֆուղարյան; Նկ.՝ Հ. Մամյան
260 _aԵրևան:
_b"Հրազդան-1",
_c1999.
300 _a348 էջ;
_bնկ.;
_c20 սմ.
500 _aՀայաստանում քրիստոնեության պետական կրոն հռչակման 1700-ամյակին:
650 1 4 _aՀայ գրականություն
_xպատմվածք
650 1 4 _aԳեղարվեստական գրականություն
_xպատմվածք
700 1 _aՄամյան Հենրիկ
_d1934-
_4նկ.
_epic.
700 1 _aԶիլֆուղարյան Մարտին
_4խմբ.
_eedt.
942 _2udc
_cBK
999 _c46608
_d46608